Responses for Show #4019 - Thursday, February 7, 2002

2002 Teen Tournament quarterfinal game 4.

Contestants

[<< previous game]

Emily Karrs, a junior from Gibsonia, Pennsylvania

Blake Hernandez, a senior from Burke, Virginia

Anna Gohmann, a senior from Westlake Village, California

[next game >>]

Jeopardy! Round responses

DURING THE '90s
CELEBRITIES
LET THE GAMES BEGIN
INVENTORS
WOMEN IN SPORTS
ABBREVIATIONS
    $200 1
(Meriwether) Lewis

Anna
    $200 6
Justin Timberlake

Emily
    $200 26
tic-tac-toe

Emily
    $200 12
(Anna: Who is Edison?)

(Alexander Graham) Bell

AnnaBlake
    $200 11
Tara Lipinski

Anna
    $200 15
Parental Guidance

Emily
    $400 2
Myst

Anna
    $400 7
Frankie Muniz

Emily
    $400 27
scissors

Anna
    $400 22
Fulton

Blake
    $400 13
(Blake: What is Mexico?)

Spain

Blake
Triple Stumper
    $400 16
registered nurse

Blake
    $600 3
Cuba

Triple Stumper
    $600 8
(Emily: Who is Faith Hill?)

Jessica Simpson

Emily
Triple Stumper
    $600 28
horseshoes

Blake
    $600 23
the Wright brothers

Anna
    $600 14
Mia Hamm

Emily
    $600 19
Puerto Rico

Emily
    $800 4
El Dorado

Emily
    $800 9
(Emily: Who is Jack Lee?)

Jackie Chan

Emily
    $800 29
(Blake: What is poker?)
[Originally ruled incorrect; reversed before Double Jeopardy! when researchers discovered auction and contract forms of poker]
[The end-of-round signal sounds.]

bridge

Blake
    $800 24
(Blake: Who is Remington?)

Samuel Colt

Blake
Triple Stumper
    $800 17
Lisa Leslie

Blake
    $800 20
(Anna: What is prime minister?)

member of Parliament

Anna
Triple Stumper
    $1000 5
Michelangelo

Emily
    $1000 10
The Rock

Blake
    $1000 25
Elias Howe

Triple Stumper
    $1000 18
Muhammad Ali

Anna
    $1000 21
date of birth

Emily

Scores at the first commercial break (after clue 15):

Anna Blake Emily
$600 $800 $1,800

Scores at the end of the Jeopardy! Round:

Anna Blake Emily
$1,800 $3,000 $3,600

Double Jeopardy! Round responses

UH-OH! OPERA!
COMPUTER "E"s
AND YOU CAN QUOTE ME ON THAT
FLAGS
ROCKS OF AGES
THE OXFORD AMERICAN DICTIONARY
    $400 23
(Alex: Right, with a minute to go.)

a vampire

Blake
    $400 1
external

Blake
    $400 8
Stephen King

Blake
    $400 2
the Himalayas

Blake
    $400 16
(Blake: What is water?)
(Anna: What are icebergs?)

glaciers

AnnaBlakeEmily
    $400 17
a muffler

Blake
    $800 27
King Arthur

Emily
    $800 4
enter

Blake
    $800 9
Adolf Hitler

Anna
    $800 3
Alaska

Anna
    $800 18
the Alps

Emily
    $800 19
(Anna: What is sappy?)

a snit

Anna
Triple Stumper
    $1200 28
3-dimensional

Blake
    $1,000 10
Epson

Anna
    $1200 13
Elizabeth I

Emily
    $1200 5
Islam

Blake
    $1200 24
coal

Triple Stumper
    $1200 20
to break

Triple Stumper
    $1600 29
Cinderella

Blake
    $1600 11
exe

Blake
    $1600 14
Samson

Blake
    $1600 6
Sweden

Triple Stumper
    $1600 25
(Blake: What is sedimentary?)

sandstone

AnnaBlake
    $1600 21
fewer

Anna
    $2000 30
Where the Wild Things Are

Anna
    $2000 12
embed

Triple Stumper
    $2000 15
Socrates

Anna
    $2,200 7
(Blake: What is Lithuania?)

Finland

Blake
    $2000 26
(Emily: What is obsidian?)
(Anna: What is lava?)

basalt

AnnaEmily
Triple Stumper
    $2000 22
compliant

Emily

Scores at the end of the Double Jeopardy! Round:

Anna Blake Emily
$8,400 $8,800 $6,800

Final Jeopardy! Round responses

FIRST LADIES
EmilyWho was Eleanor Roosevelt?
$5,000
AnnaWho is Eleanor Roosevelt
$3,000
BlakeWho was Elenor Roosevelt?
$2,200
Eleanor Roosevelt

Final scores:

Anna Blake Emily
$11,400 $11,000 $11,800
2nd place: $2,500 if eliminated 3rd place: $2,500 if eliminated Automatic semifinalist

Game dynamics:

Coryat scores:

Anna Blake Emily
$8,600 $11,000 $7,600
13 R
(including 1 DD),
5 W
18 R,
5 W
(including 1 DD)
14 R,
3 W
(including 1 DD)

Combined Coryat: $27,200

[game clues] [game scores] [suggest correction]

Game tape date: 2001-12-17
The J! Archive is created by fans, for fans. Scraping, republication, monetization, and malicious use prohibited; this site may use cookies and collect identifying information. See terms. The Jeopardy! game show and all elements thereof, including but not limited to copyright and trademark thereto, are the property of Jeopardy Productions, Inc. and are protected under law. This website is not affiliated with, sponsored by, or operated by Jeopardy Productions, Inc. Join the discussion at JBoard.tv.